| 000 | 00754nam a2200241 a 4500 | ||
|---|---|---|---|
| 001 | 000030504 | ||
| 005 | 20200930062341.0 | ||
| 008 | 110523s2011 dr 001 p spa d | ||
| 020 | _z9789945571 | ||
| 040 |
_aDO-SdBNP _bspa _cBNPHU |
||
| 082 |
_aPR861.44 _bC796t |
||
| 100 | 1 |
_aCórdova Iturregui, Félix _912605 |
|
| 245 | 1 | 0 |
_aTambor de espuma / _cFélix Córdova Iturregui. |
| 260 |
_aSanto Domingo : _bIsla Negra, _c2011. |
||
| 300 |
_a174 p. ; _c22 cm. |
||
| 490 | 1 | _aFilo de juego | |
| 500 | _aIncluye síntesis biográficas del autor en la solapa. | ||
| 650 | 4 |
_aPoesía puertorriqueña _91015 |
|
| 650 | 4 |
_aLiteratura puertorriqueña _9250 |
|
| 830 | 0 |
_aFilo de juego _91014 |
|
| 910 | _aValidado. Control de calidad EMS | ||
| 049 | _aBNPD | ||
| 999 |
_c29996 _d29996 |
||